000 01192nmm a2200397 a 4500
003 AR-BaBNM
005 20251128203451.0
008 027019s1983 ||||||||||||||000 | spa||
040 _cAR-BaBNM
100 1 _aBaoxi, Zhou
245 1 0 _aReajuste y reforma de la economía
_bChina de hoy
260 _aBeijing
_bBeijing Informa
_c1983
300 0 _a244 p.
_btablas, diagr., láms.
500 0 _aApéndice: Reglamento provisional de congresos de obreros y empleados de empresas industriales estatales 15 de junio de 1981
650 4 _aSISTEMAS ECONOMICOS
650 4 _aSOCIALISMO
650 4 _aMODOS DE PRODUCCION
650 4 _aPOLITICA ECONOMICA
650 4 _aECONOMIA SOCIALISTA
650 4 _aMEDIO SOCIAL
650 4 _aESTRUCTURA AGRARIA
650 4 _aPOLITICA AGRARIA
650 4 _aCOMUNISMO
650 4 _aREFORMA ECONOMICA
650 4 _aREFORMA AGRARIA
651 4 _aChina
700 1 _aZhen, Xia
_ecolaborador
700 1 _aJin, Zhou
_ecolaborador
700 1 _aYun, Tian
_ecolaborador
700 1 _aMin, Wei
_ecolaborador
700 1 _aZixia, He
_ecolaborador
700 1 _aMin, Jiang
_ecolaborador
700 1 _aPing, Zhou
942 _cBK
998 _csilvi
999 _c3519
_d3519